[Event "Titled Tue 20th May Late"]
[Site "chess.com INT"]
[Date "2025.05.20"]
[Round "5"]
[White "Obregon Rivero, Juan Carlos"]
[Black "Carlsen, Magnus"]
[Result "0-1"]
[WhiteTitle "GM"]
[BlackTitle "GM"]
[WhiteElo "2476"]
[BlackElo "2837"]
[WhiteFideId "3507815"]
[BlackFideId "1503014"]
[EventDate "2025.05.20"]

1. e4 c5 2. Nf3 d6 3. d4 cxd4 4. Nxd4 Nf6 5. Nc3 a6 6. Be2 e5 7. Nb3 Be7 8. O-O
O-O 9. Be3 Be6 10. a4 Nbd7 11. a5 Rc8 12. Qd2 Qc7 13. Rfd1 h6 14. f3 Rfd8 15.
Bf1 Qb8 16. Nd5 Bxd5 17. exd5 e4 18. f4 Ng4 19. c4 Nxe3 20. Qxe3 Bf6 21. Rab1
Re8 22. Nd4 Bxd4 23. Rxd4 b6 24. axb6 Qxb6 25. b4 a5 26. b5 a4 27. Kf2 Nc5 28.
Be2 Ra8 29. Rb2 a3 30. Ra2 Ra4 31. g3 Rea8 32. h4 Qa7 33. Kg2 Rb4 34. f5 Rb3 35.
Qf4 Rb2 36. Rd2 Rxd2 37. Qxd2 Qa4 38. f6 Qb3 39. fxg7 e3 40. Qd4 Qxa2 41. Qg4
Qb2 0-1

[Event "Titled Tue 20th May Late"]
[Site "chess.com INT"]
[Date "2025.05.20"]
[Round "5"]
[White "Sakhayi, Mostafa"]
[Black "Kahre, Kim"]
[Result "0-1"]
[WhiteTitle "CM"]
[WhiteElo "2166"]
[BlackElo "2119"]
[WhiteFideId "12512532"]
[BlackFideId "518816"]
[EventDate "2025.05.20"]

1. d4 d5 2. c4 e6 3. Nc3 c6 4. Nf3 Nf6 5. Bg5 Be7 6. e3 h6 7. Bh4 O-O 8. Bd3
Nbd7 9. O-O a6 10. cxd5 exd5 11. Qc2 Re8 12. Rae1 Nf8 13. Ne5 N6d7 14. Bxe7 Qxe7
15. f4 f6 16. Ng6 Nxg6 17. Bxg6 Rd8 18. e4 dxe4 19. Rxe4 Qd6 20. Rfe1 Nf8 21.
Qb3+ Kh8 22. Qf7 Bd7 23. Re7 Qxd4+ 24. Kh1 f5 25. R1e5 Ne6 26. Bxf5 Qxf4 27.
Bxe6 Qxe5 28. Bxd7 Qg5 29. Qe6 Rf8 30. Qe2 Rf6 31. h3 Raf8 32. Ne4 Rf1+ 33. Kh2
Qxe7 34. Bg4 Qe5+ 35. Ng3 Qxe2 36. Bxe2 Rb1 37. b3 Rb2 0-1

[Event "Titled Tue 20th May Late"]
[Site "chess.com INT"]
[Date "2025.05.20"]
[Round "5"]
[White "Erigaisi, Arjun"]
[Black "Goryachkina, Aleksandra"]
[Result "1-0"]
[WhiteTitle "GM"]
[BlackTitle "GM"]
[WhiteElo "2782"]
[BlackElo "2544"]
[WhiteFideId "35009192"]
[BlackFideId "4147103"]
[EventDate "2025.05.20"]

1. a3 d5 2. Nf3 Nf6 3. d4 Bf5 4. Bf4 e6 5. e3 Bd6 6. Ne5 h6 7. g4 Bh7 8. Nc3
Nfd7 9. Bd3 Bxd3 10. Nxd3 Bxf4 11. Nxf4 Nc6 12. h4 Qe7 13. Qf3 O-O-O 14. O-O-O
Nb6 15. h5 Nc4 16. Rd3 N6a5 17. Nb1 Kb8 18. Rhd1 a6 19. Rc3 Ka8 20. Nd3 Rhf8 21.
Nc5 Ka7 22. a4 e5 23. Na3 exd4 24. exd4 Qg5+ 25. Kb1 Nd2+ 26. Rxd2 Qxd2 27. Nd3
c6 28. Qg3 Rd7 29. Nc5 Re7 30. Ka2 Qd1 31. Re3 Rfe8 32. Rxe7 Rxe7 33. Qc3 b6 34.
Nd3 Re2 35. Nb4 Kb7 36. Qf3 Re1 37. Qxf7+ Kc8 38. Qf8+ Kd7 39. Qxg7+ Kc8 40.
Qf8+ Kd7 41. Qf7+ Kc8 42. Qf5+ Kb7 43. Qd7+ Kb8 44. Nxa6+ Ka8 45. Qc8+ Ka7 46.
Qb8+ Kxa6 47. Qa8# 1-0

[Event "Titled Tue 20th May Late"]
[Site "chess.com INT"]
[Date "2025.05.20"]
[Round "5"]
[White "Kravtsiv, Martyn"]
[Black "Shuvalov, Evgenij"]
[Result "1/2-1/2"]
[WhiteTitle "GM"]
[WhiteElo "2598"]
[BlackElo "1986"]
[WhiteFideId "14113147"]
[BlackFideId "4187237"]
[EventDate "2025.05.20"]

1. e4 e6 2. d4 d5 3. exd5 exd5 4. Nf3 Nf6 5. Bd3 c5 6. c3 Nc6 7. O-O Be7 8. dxc5
Bxc5 9. Nbd2 O-O 10. Nb3 Bb6 11. Bf4 Bg4 12. h3 Bh5 13. Nbd2 Re8 14. Re1 Qd7 15.
Qc2 Bg6 16. Bxg6 hxg6 17. Qd3 Qf5 18. Qxf5 gxf5 19. Kf1 Ne4 20. Nxe4 fxe4 21.
Nd2 f5 22. Rad1 Rad8 23. Nb3 d4 24. cxd4 Nxd4 25. Nxd4 Bxd4 26. Rd2 Bf6 27. Red1
Kf7 28. Be3 a6 29. Ke2 Rxd2+ 30. Rxd2 Ke6 31. f3 exf3+ 32. Kxf3 Rd8 33. Rc2 Rd7
34. b3 g5 35. Ke2 f4 36. Bf2 Kf5 37. Rc5+ Ke4 38. Rc4+ Kf5 39. a4 Rd5 40. Bb6
Be5 41. Rc8 Ke4 42. Bf2 b5 43. a5 Rd3 44. Rc6 Rxb3 45. Rxa6 Rb2+ 46. Kf1 Rb1+
47. Ke2 Rb2+ 48. Kf1 Rb1+ 49. Ke2 Rb2+ 1/2-1/2

[Event "Titled Tue 20th May Late"]
[Site "chess.com INT"]
[Date "2025.05.20"]
[Round "5"]
[White "Flores Mirabal, Nancy"]
[Black "Iglesias Ferreira, Andres"]
[Result "0-1"]
[WhiteTitle "WCM"]
[BlackTitle "FM"]
[WhiteElo "2050"]
[BlackElo "2279"]
[WhiteFideId "109339"]
[BlackFideId "54507669"]
[EventDate "2025.05.20"]

1. c4 e6 2. g3 c5 3. Bg2 Nc6 4. Nc3 g6 5. Nf3 Bg7 6. O-O Nge7 7. d3 O-O 8. e4 d6
9. Be3 Nd4 10. Qd2 Nec6 11. Rab1 Nxf3+ 12. Bxf3 Nd4 13. Bg2 Rb8 14. b3 a6 15. f4
b5 16. Ne2 Bd7 17. Nxd4 cxd4 18. Bf2 e5 19. h3 f5 20. exf5 Bxf5 21. g4 Be6 22.
Rbe1 Bh6 23. Bxd4 Bxf4 24. Qb2 Qg5 25. Ba7 Rbe8 26. d4 h5 27. dxe5 hxg4 28. hxg4
dxe5 29. Bc5 Rf7 30. Rxf4 Qxf4 31. Qxe5 Qxe5 32. Rxe5 bxc4 33. bxc4 Rc7 34. Be4
Kf7 35. a3 Bxc4 36. Bxg6+ Kxg6 37. Rxe8 Rxc5 38. Re6+ Bxe6 39. Kg2 Rc4 40. Kf3
Rxg4 41. Kf2 Ra4 42. Ke3 Rxa3+ 43. Kd2 Ra4 44. Kc2 Rh4 45. Kb2 a5 46. Kc3 a4 47.
Kd3 Rh3+ 48. Kc2 a3 49. Kb1 a2+ 50. Kb2 Rh2+ 51. Ka1 Rh1+ 52. Kb2 a1=Q+ 53. Kc2
Qb1+ 54. Kd2 Qc1+ 55. Ke2 Qd1+ 56. Kf2 Qe1+ 57. Kg2 Qf1+ 58. Kg3 Rh3# 0-1

[Event "Titled Tue 20th May Late"]
[Site "chess.com INT"]
[Date "2025.05.20"]
[Round "5"]
[White "Hungaski, Robert"]
[Black "May Sanchez, Andres Elias"]
[Result "1-0"]
[WhiteTitle "GM"]
[WhiteElo "2477"]
[BlackElo "2209"]
[WhiteFideId "2021030"]
[BlackFideId "5150973"]
[EventDate "2025.05.20"]

1. h3 c5 2. e3 g6 3. d4 Bg7 4. c4 Nf6 5. Nf3 O-O 6. Nc3 d6 7. Bd3 Nc6 8. O-O b6
9. a3 e5 10. dxe5 dxe5 11. Qc2 Qc7 12. Ng5 Bb7 13. Nge4 Ne7 14. Nxf6+ Bxf6 15.
Be4 Rad8 16. Bxb7 Qxb7 17. e4 Rd4 18. b3 Bg7 19. Be3 Rd7 20. Rad1 f5 21. Bg5 Nc6
22. exf5 gxf5 23. Nd5 Nd4 24. Qb1 Rxd5 25. cxd5 Qxd5 26. Be3 Qxb3 27. Qxb3+ Nxb3
28. Rd7 Rf7 29. Rfd1 Nd4 30. Rd8+ Rf8 31. Rd7 Rf7 32. Rd8+ Rf8 33. Rd5 Kf7 34.
Rd7+ Kf6 35. Rxa7 f4 36. Bxd4 exd4 37. Rb7 Ke5 38. Rxb6 c4 39. Rb5+ Ke4 40. Rb7
Bf6 41. Re1+ Kd3 42. Rc7 c3 43. a4 1-0

[Event "Titled Tue 20th May Late"]
[Site "chess.com INT"]
[Date "2025.05.20"]
[Round "5"]
[White "Moreira, Ronaldo Alonso"]
[Black "Wuebker, Paul-Luca"]
[Result "0-1"]
[BlackTitle "CM"]
[WhiteElo "2097"]
[BlackElo "2244"]
[WhiteFideId "2110547"]
[BlackFideId "12939528"]
[EventDate "2025.05.20"]

1. d4 Nc6 2. Nf3 d6 3. g3 f5 4. Bg2 Nf6 5. b3 g6 6. Bb2 Bg7 7. O-O O-O 8. Nbd2
e6 9. c4 Qe7 10. a3 e5 11. d5 Nb8 12. Qc2 a5 13. e4 Na6 14. Ne1 fxe4 15. Nxe4
Nxe4 16. Bxe4 Nc5 17. Bg2 Bf5 18. Qd1 Bh6 19. h3 Qd7 20. g4 Be4 21. f3 Bf5 22.
b4 Na4 23. Bc1 Bxc1 24. Rxc1 axb4 25. axb4 Nb2 26. Qb3 Na4 27. gxf5 Rxf5 28. Ra1
b5 29. c5 Raf8 30. c6 Qe7 31. Qd3 Qh4 32. Qxb5 Nc3 33. Qd3 Qxb4 34. Rc1 Nb5 35.
Rb1 Qd4+ 36. Qxd4 Nxd4 37. Rb7 R8f7 38. Rb8+ Kg7 39. Rb7 Ne2+ 40. Kf2 Nf4 41.
Bh1 Nxd5 42. Ke2 Nf4+ 0-1

[Event "Titled Tue 20th May Late"]
[Site "chess.com INT"]
[Date "2025.05.20"]
[Round "5"]
[White "Shafer, Logan C"]
[Black "Ismagilov, Damir"]
[Result "0-1"]
[WhiteTitle "CM"]
[BlackTitle "CM"]
[WhiteElo "2291"]
[BlackElo "2173"]
[WhiteFideId "30993342"]
[BlackFideId "34199982"]
[EventDate "2025.05.20"]

1. d4 Nf6 2. c4 e6 3. g3 d5 4. Bg2 Be7 5. Nf3 O-O 6. O-O dxc4 7. Na3 Bxa3 8.
bxa3 b5 9. a4 a6 10. Ba3 Re8 11. Ne5 Nd5 12. e4 Nf6 13. Bb2 Bb7 14. Qc2 Nbd7 15.
axb5 axb5 16. a4 c6 17. Nxd7 Qxd7 18. Rfd1 Qc7 19. Bc1 Nd7 20. Bb2 Nb6 21. d5
cxd5 22. axb5 dxe4 23. Bxe4 Bxe4 24. Qxe4 c3 25. Rxa8 Rxa8 26. Bc1 c2 27. Re1
Rc8 28. Bf4 Qc4 29. Qb7 Nd5 30. Bc1 h6 31. b6 Qc6 32. Qa6 Nxb6 33. Qa2 Nd5 34.
Bd2 Qc4 35. Qb2 Qd3 36. Qc1 Qb3 37. Be3 Nb4 38. Kg2 Nd3 39. Qd2 Nxe1+ 40. Qxe1
Qxe3 41. Qxe3 c1=Q 42. Qa7 Qc6+ 43. Kg1 Qc1+ 44. Kg2 Qc5 45. h4 Qxa7 0-1

[Event "Titled Tue 20th May Late"]
[Site "chess.com INT"]
[Date "2025.05.20"]
[Round "5"]
[White "Eames, Robert S"]
[Black "Abraham, John Z"]
[Result "1/2-1/2"]
[WhiteTitle "FM"]
[WhiteElo "2136"]
[BlackElo "2100"]
[WhiteFideId "408743"]
[BlackFideId "30987318"]
[EventDate "2025.05.20"]

1. e4 c5 2. Nf3 d6 3. d4 cxd4 4. Nxd4 Nf6 5. Nc3 a6 6. h3 Qc7 7. g4 e6 8. g5
Nfd7 9. Qh5 g6 10. Qe2 Bg7 11. Be3 Nc6 12. O-O-O O-O 13. h4 b5 14. Nxc6 Qxc6 15.
a3 Bxc3 16. bxc3 Qxc3 17. Bd4 Qxa3+ 18. Bb2 Qc5 19. f4 Bb7 20. h5 b4 21. Qh2
Bxe4 22. Bd3 Bxd3 23. Rxd3 gxh5 24. Qxh5 Qf5 25. Qh6 e5 26. fxe5 Nxe5 27. Rdh3
Rfc8 28. Qxh7+ Qxh7 29. Rxh7 Nd3+ 30. Kb1 Nxb2 31. Kxb2 a5 32. R1h6 a4 33. Rh8+
Kg7 34. R8h7+ Kf8 35. Rxd6 a3+ 36. Kb3 Rc3+ 37. Kxb4 Ke7 38. Rf6 Rcc8 39. Rhxf7+
Ke8 40. Rf8+ Kd7 41. Rxc8 Rxc8 42. Kxa3 Rxc2 43. Kb3 Rg2 44. Rf5 Ke6 45. Rc5
Rg3+ 46. Kc4 Kf7 47. Kd4 Kg6 48. Ke4 Rg1 49. Kf4 Rf1+ 50. Kg4 Rg1+ 51. Kf4 Ra1
52. Rc6+ Kg7 53. Kg4 Rg1+ 54. Kf5 Rf1+ 55. Kg4 Rg1+ 56. Kf5 Rf1+ 57. Kg4 Rg1+ 1/2-1/2

[Event "Titled Tue 20th May Late"]
[Site "chess.com INT"]
[Date "2025.05.20"]
[Round "5"]
[White "Mizzi, Jack"]
[Black "Distaso, Antonio Pio"]
[Result "1-0"]
[WhiteTitle "CM"]
[WhiteElo "2086"]
[BlackElo "2253"]
[WhiteFideId "5602521"]
[BlackFideId "805548"]
[EventDate "2025.05.20"]

1. d4 d5 2. c4 c6 3. Nf3 Nf6 4. Nbd2 a6 5. g3 b5 6. b3 g6 7. Bg2 Bg7 8. O-O O-O
9. Bb2 Nbd7 10. Rc1 Bb7 11. Qc2 Rc8 12. Ne5 Nxe5 13. dxe5 Nd7 14. f4 e6 15. e4
dxc4 16. bxc4 Nc5 17. Rf3 Na4 18. Rd3 Qb6+ 19. c5 Qa7 20. Nb3 Rfd8 21. Rcd1 Rxd3
22. Rxd3 Bf8 23. Rd6 a5 24. Bd4 Bxd6 25. exd6 Rd8 26. f5 Bc8 27. fxg6 hxg6 28.
Qf2 f5 29. Qf4 Qh7 30. Qg5 Rf8 31. Nxa5 Bd7 32. Bf3 fxe4 33. Bxe4 Qh5 34. Qxg6+
Qxg6 35. Bxg6 e5 36. Bf2 Rf6 37. Be4 Rxf2 38. Kxf2 Nxc5 39. Bxc6 Kf7 40. Bxd7
Nxd7 41. Nc6 Ke6 42. Na7 b4 43. Nc6 b3 44. axb3 Kxd6 45. Nb4 Nc5 46. Ke3 Nxb3
47. Nd3 Ke6 48. g4 Nd4 49. Ke4 Nc6 50. h4 Kf6 51. g5+ Ke6 52. h5 Kd6 53. Kf5
Ne7+ 54. Ke4 Ke6 55. Nxe5 Nf5 56. h6 Nd6+ 57. Kf4 Nf7 58. Nxf7 Kxf7 59. Kf5 Kg8
60. g6 Kh8 61. Kf6 Kg8 62. g7 Kh7 63. Kf7 1-0

[Event "Titled Tue 20th May Late"]
[Site "chess.com INT"]
[Date "2025.05.20"]
[Round "5"]
[White "Altini, Nicola"]
[Black "Bian, Alex"]
[Result "0-1"]
[WhiteTitle "IM"]
[BlackTitle "FM"]
[WhiteElo "2357"]
[BlackElo "2342"]
[WhiteFideId "833924"]
[BlackFideId "2056372"]
[EventDate "2025.05.20"]

1. d4 Nf6 2. c4 e6 3. Nc3 c5 4. d5 exd5 5. cxd5 d6 6. e4 g6 7. f4 Bg7 8. Bb5+
Nfd7 9. a4 O-O 10. Nf3 Na6 11. O-O Nb4 12. f5 a6 13. Bc4 Ne5 14. Bf4 Nxc4 15.
Qe2 Nxb2 16. Qxb2 Nd3 17. Qd2 Nxf4 18. Qxf4 Bxc3 19. Rac1 Bg7 20. g4 Re8 21. g5
Be5 22. Nxe5 Rxe5 23. Rc3 f6 24. Rg3 fxg5 25. Rxg5 Rxe4 26. Qg3 c4 27. Rxg6+
hxg6 28. Qxg6+ Kf8 29. Qh6+ Ke8 30. f6 Rg4+ 31. Kh1 Bf5 32. Rxf5 Qb6 33. f7+ Kd7
34. Qe6+ Kc7 35. Qe7+ Kb8 36. Rf1 Ka7 37. f8=Q Rxf8 38. Qxf8 Qc5 39. Qf3 Rg5 40.
h4 Rxd5 41. a5 Rd4 42. Qg3 Qd5+ 43. Kh2 Rd3 44. Rf2 Rxg3 45. Kxg3 Qe5+ 46. Kh3
c3 47. h5 Qe3+ 48. Kg2 Qxf2+ 49. Kxf2 c2 50. h6 c1=Q 51. h7 Qh6 52. h8=Q Qxh8 0-1

[Event "Titled Tue 20th May Late"]
[Site "chess.com INT"]
[Date "2025.05.20"]
[Round "5"]
[White "Ersoz, Teoman Guney"]
[Black "Gazineu Neto, Rubens"]
[Result "1-0"]
[WhiteTitle "CM"]
[WhiteElo "2090"]
[BlackElo "1960"]
[WhiteFideId "44537050"]
[BlackFideId "2174685"]
[EventDate "2025.05.20"]

1. Nf3 d5 2. g3 Nf6 3. Bg2 g6 4. b3 Bg7 5. Bb2 O-O 6. c4 c6 7. d3 Re8 8. O-O
Nbd7 9. Nbd2 e5 10. cxd5 cxd5 11. Rc1 b6 12. Qc2 Bb7 13. Qc7 Qb8 14. Bh3 Bc8 15.
Nxe5 Nxe5 16. Qxb8 Rxb8 17. Bxc8 Nxd3 18. exd3 Rbxc8 19. Nf3 Ng4 20. Bxg7 Kxg7
21. h3 Nf6 22. Nd4 h6 23. Rfe1 Kf8 24. Rxe8+ Rxe8 25. Rc7 Re7 26. Rxe7 Kxe7 27.
Nc6+ Kd6 28. Nxa7 Kc5 29. Kf1 Kd4 30. Ke2 Kc5 31. Nc8 Ng8 32. a3 Kc6 33. Na7+
Kc5 34. Ke3 Ne7 35. d4+ Kd6 36. Nb5+ Kc6 37. Nc3 Nf5+ 38. Kd3 b5 39. a4 bxa4 40.
bxa4 Nd6 41. a5 Nc4 42. a6 Nb6 43. Ke3 f5 44. Kf4 Nc4 45. a7 Kb7 46. Nxd5 Kxa7
47. Ne7 g5+ 48. Kxf5 Kb7 49. Kg6 Nd6 50. Kxh6 Ne4 51. Nf5 Nxf2 52. Kxg5 Nxh3+
53. Kh5 Nf2 54. g4 Kc6 55. g5 Ne4 56. g6 Kd5 57. g7 Nf6+ 58. Kg6 Ng8 59. Kf7 1-0

[Event "Titled Tue 20th May Late"]
[Site "chess.com INT"]
[Date "2025.05.20"]
[Round "5"]
[White "Da Matta, Eduardo Cesar"]
[Black "Weidenhoefer, Max"]
[Result "1-0"]
[BlackTitle "CM"]
[WhiteElo "2047"]
[BlackElo "2171"]
[WhiteFideId "2193108"]
[BlackFideId "16230566"]
[EventDate "2025.05.20"]

1. d4 d5 2. c4 e5 3. dxe5 d4 4. Nf3 Nc6 5. Nbd2 Be6 6. a3 Qd7 7. Qc2 O-O-O 8.
Nb3 Bf5 9. Qd1 Nge7 10. Bg5 h6 11. Bh4 g5 12. Bg3 Ng6 13. Qd2 Bg7 14. O-O-O
Ngxe5 15. Nfxd4 Nxc4 16. Qc3 Nxd4 17. Nxd4 Bxd4 18. Qxc4 Be6 19. Qc2 Qe7 20. e3
Bg7 21. Bc4 h5 22. h4 g4 23. Bxe6+ fxe6 24. Bf4 c6 25. Rxd8+ Rxd8 26. Rd1 Qf6
27. Rxd8+ Kxd8 28. Bg5 Kd7 29. Bxf6 Bxf6 30. Qh7+ Be7 31. Qxh5 g3 32. fxg3 c5
33. g4 c4 34. g5 c3 35. bxc3 b5 36. Qf7 b4 37. axb4 a5 38. bxa5 e5 39. Qxe7+ Kc6
40. Qe6+ Kb5 41. Qxe5+ Kc4 42. Qd4+ Kb5 43. Qb4+ Kc6 44. Qb6+ Kd5 45. Qd4+ Ke6
46. Qc5 Kd7 47. Qb6 Ke7 48. a6 Kd7 49. a7 Ke7 50. a8=Q Kd7 51. Qaa7+ Kc8 52.
Qbb8# 1-0

[Event "Titled Tue 20th May Late"]
[Site "chess.com INT"]
[Date "2025.05.20"]
[Round "5"]
[White "Mekhitarian, Krikor Sevag"]
[Black "Tsydypov, Zhamsaran"]
[Result "0-1"]
[WhiteTitle "GM"]
[BlackTitle "GM"]
[WhiteElo "2564"]
[BlackElo "2514"]
[WhiteFideId "2107660"]
[BlackFideId "4108566"]
[EventDate "2025.05.20"]

1. Nf3 d5 2. c4 c6 3. d4 Nf6 4. Nc3 e6 5. Qc2 dxc4 6. e4 b5 7. Be2 Bb7 8. O-O
Be7 9. Rb1 a6 10. b3 cxb3 11. Rxb3 c5 12. dxc5 Nbd7 13. Nxb5 Nxc5 14. e5 Nd5 15.
Nd6+ Bxd6 16. exd6 Nxb3 17. Qxb3 Bc6 18. Ne5 Qxd6 19. Nxc6 Qxc6 20. Ba3 Rc8 21.
Qg3 g6 22. h4 f6 23. Rc1 Qd7 24. Rxc8+ Qxc8 25. Qd6 Kf7 26. Bxa6 Qc7 27. Qxc7+
Nxc7 28. Bb7 Rb8 29. Bf3 Rb1+ 30. Kh2 Ra1 31. Bd6 Nb5 32. Bc5 Rxa2 33. h5 Nc3
34. hxg6+ hxg6 35. Bd4 Nd5 36. g3 Rd2 37. Bc5 Rc2 38. Bd4 Rc4 39. Ba7 Ne7 40.
Kg2 Nf5 41. Bb6 Rb4 42. Bc5 Rc4 43. Bb6 Nd4 44. Bd1 Rc1 45. Ba4 Rc4 46. Bd1 Ke7
47. Ba7 Nf5 48. Kh3 Nd6 49. Bb3 Rb4 50. Bd1 Rb2 51. Bf3 Kf7 52. Kg2 f5 53. Bd4
Rc2 54. Be5 Nc4 55. Bd4 e5 56. Bd5+ Kf6 57. Bc5 Nb2 58. Ba7 Nd1 59. Kf1 Nc3 60.
Bb3 Rb2 61. Bc4 Rb4 62. Bd3 Nd5 63. Be2 Ra4 64. Bc5 Ra5 65. Bf8 g5 66. Bh5 g4
67. Bg7+ Kxg7 0-1

[Event "Titled Tue 20th May Late"]
[Site "chess.com INT"]
[Date "2025.05.20"]
[Round "5"]
[White "Nakara Husain"]
[Black "Sobek, Jaroslav"]
[Result "1-0"]
[BlackTitle "FM"]
[WhiteElo "1701"]
[BlackElo "2195"]
[WhiteFideId "25636111"]
[BlackFideId "301388"]
[EventDate "2025.05.20"]

1. e4 c5 2. c3 d5 3. exd5 Qxd5 4. d4 Nf6 5. Nf3 e6 6. Be2 Be7 7. Be3 cxd4 8.
cxd4 O-O 9. O-O Nc6 10. Nc3 Qd6 11. Ng5 Rd8 12. Nge4 Qb4 13. a3 Qa5 14. b4 Qc7
15. Rc1 a6 16. Bf3 Qb8 17. Qd2 Bd7 18. Bf4 Qa7 19. Nc5 Be8 20. Bxc6 bxc6 21. Qe3
Nd5 22. Nxd5 Rxd5 23. Qg3 Bf6 24. Be5 Bxe5 25. dxe5 a5 26. Rfd1 axb4 27. axb4
Qb6 28. Qc3 Rb8 29. Rxd5 cxd5 30. Rb1 h6 31. g3 Bb5 32. Qd4 Bc4 33. Qf4 Qb7 34.
Nxb7 Rxb7 35. b5 Rxb5 36. Rxb5 Bxb5 37. Qd4 Bc4 38. f4 g6 39. Kf2 h5 40. h4 Kg7
41. Ke3 Kg8 42. Qc5 Kg7 43. Kd4 Ba6 44. Qe7 Bd3 45. Kxd3 1-0

[Event "Titled Tue 20th May Late"]
[Site "chess.com INT"]
[Date "2025.05.20"]
[Round "5"]
[White "Gonzalez Vega, Alejandro"]
[Black "Bustelo, Tabare"]
[Result "0-1"]
[WhiteTitle "FM"]
[BlackTitle "CM"]
[WhiteElo "2092"]
[BlackElo "2043"]
[WhiteFideId "3510042"]
[BlackFideId "3000362"]
[EventDate "2025.05.20"]

1. d4 c5 2. d5 d6 3. c4 b5 4. cxb5 a6 5. bxa6 Bxa6 6. Nc3 g6 7. g3 Bg7 8. Bg2
Nf6 9. Nh3 O-O 10. O-O Nbd7 11. Qc2 Qb6 12. Rb1 Qb7 13. b3 Rfb8 14. a4 Qb4 15.
Bd2 Qg4 16. Nf4 Qf5 17. Qxf5 gxf5 18. Rfe1 Ne5 19. h3 Rb6 20. b4 cxb4 21. Nb5
Bxb5 22. axb5 Rxb5 23. Rxb4 Rxb4 24. Bxb4 Ne4 25. Rc1 Rb8 26. Be1 Ng6 27. Nh5
Be5 28. e3 Ra8 29. g4 e6 30. dxe6 fxe6 31. gxf5 exf5 32. f4 Bb2 33. Rb1 Ra2 34.
Bxe4 fxe4 35. Ng3 d5 36. Nf5 Kf7 37. Nd6+ Ke6 38. Nb5 Ne7 39. Bc3 Bxc3 40. Nxc3
Rc2 41. Rb6+ Kf7 42. Nb5 Nf5 43. Nd4 Rc1+ 44. Kf2 Nxd4 45. exd4 Rc2+ 46. Kg3 Rd2
47. f5 Rxd4 48. Kf4 Rd3 49. Ke5 Kg7 0-1

[Event "Titled Tue 20th May Late"]
[Site "chess.com INT"]
[Date "2025.05.20"]
[Round "5"]
[White "Zanette, Edgard Vinicius"]
[Black "Barrientos, Ernesto"]
[Result "1-0"]
[BlackTitle "CM"]
[WhiteElo "2041"]
[BlackElo "2027"]
[WhiteFideId "2109263"]
[BlackFideId "3701247"]
[EventDate "2025.05.20"]

1. e4 c5 2. Nf3 d6 3. d4 cxd4 4. Nxd4 Nf6 5. Nc3 a6 6. h3 e5 7. Nb3 h5 8. Bg5
Be7 9. Bxf6 Bxf6 10. Bc4 Nc6 11. a3 Be6 12. Nd5 Bg5 13. Be2 g6 14. O-O O-O 15.
c4 Rc8 16. Qd3 Bh6 17. Rad1 Qh4 18. Rfe1 Rcd8 19. Bf1 Rc8 20. g3 Qd8 21. h4 Ne7
22. Nf6+ Kg7 23. Nd5 Nxd5 24. cxd5 Bd7 25. Qb1 Qb6 26. Nd2 Ba4 27. b3 Bd7 28.
Nc4 Qc7 29. Bd3 b5 30. Ne3 Qb6 31. Qb2 Kg8 32. Nc2 f5 33. exf5 gxf5 34. Be2 Be8
35. Nb4 f4 36. Nc6 Bxc6 37. dxc6 f3 38. Bd3 Rxc6 39. Bg6 Qd8 40. Be4 Rc7 41.
Bd5+ Kh8 42. Re4 Qd7 43. Rxe5 dxe5 44. Qxe5+ Qg7 45. Qxh5 Rd7 46. Rd4 1-0

[Event "Titled Tue 20th May Late"]
[Site "chess.com INT"]
[Date "2025.05.20"]
[Round "5"]
[White "Habans Aguerrea, Javier"]
[Black "Le, Quang Liem"]
[Result "0-1"]
[WhiteTitle "IM"]
[BlackTitle "GM"]
[WhiteElo "2448"]
[BlackElo "2729"]
[WhiteFideId "24524689"]
[BlackFideId "12401137"]
[EventDate "2025.05.20"]

1. d4 Nf6 2. Bg5 d5 3. Nf3 c5 4. e3 Qb6 5. Nbd2 Nc6 6. dxc5 Qxc5 7. c4 e6 8.
cxd5 Nxd5 9. Bc4 Be7 10. Bxe7 Ndxe7 11. O-O O-O 12. Rc1 Qb6 13. Qb3 Qxb3 14.
Nxb3 Rd8 15. Rfd1 Rxd1+ 16. Rxd1 Kf8 17. Kf1 b6 18. Nbd4 Nxd4 19. Rxd4 Nc6 20.
Rd6 Na5 21. Be2 Ke7 22. Rd2 Bd7 23. Nd4 Rc8 24. Ke1 e5 25. Nb5 Rc1+ 26. Rd1 Rc2
27. Rd2 Rc1+ 28. Rd1 Rxd1+ 29. Kxd1 Nc6 30. Nc3 Be6 31. Bf3 Nb4 32. b3 f5 33.
Kd2 g5 34. a3 Na6 35. b4 Nc7 36. Be2 Kd6 37. Nb5+ Nxb5 38. Bxb5 Bd5 39. g3 h6
40. Kc3 a5 41. Bd3 e4 42. Bc4 Ke5 43. Kb3 Bc6 44. Kc3 Bd5 45. Kb3 b5 46. Bxd5
a4+ 47. Kb2 Kxd5 48. Kc3 g4 49. Kd2 Kc4 50. Kc2 h5 0-1

[Event "Titled Tue 20th May Late"]
[Site "chess.com INT"]
[Date "2025.05.20"]
[Round "5"]
[White "Haug, Havard"]
[Black "Bortnyk, Olexandr"]
[Result "0-1"]
[WhiteTitle "FM"]
[BlackTitle "GM"]
[WhiteElo "2354"]
[BlackElo "2601"]
[WhiteFideId "1547887"]
[BlackFideId "14120828"]
[EventDate "2025.05.20"]

1. e4 Nf6 2. e5 Nd5 3. Nf3 d6 4. d4 dxe5 5. dxe5 Bg4 6. h3 Bxf3 7. Qxf3 e6 8.
Nc3 Nb4 9. Bd3 Nxd3+ 10. cxd3 Nc6 11. Qg3 Qd4 12. Bf4 O-O-O 13. Rd1 g5 14. Bxg5
Rg8 15. Qe3 Qxe3+ 16. Bxe3 Nxe5 17. d4 Nc4 18. O-O Nxb2 19. Rb1 Nc4 20. Rfc1 c6
21. Nb5 Nxe3 22. Nxa7+ Kc7 23. fxe3 e5 24. Rf1 Rg7 25. Rfc1 Ra8 26. Nb5+ Kb8 27.
Nc3 exd4 28. exd4 Ra5 29. Rc2 f5 30. Re2 Ka7 31. Re5 Rxe5 32. dxe5 Bc5+ 33. Kf1
Bd4 34. Nd1 Re7 35. Rb4 c5 36. Rb5 Rxe5 37. a4 b6 38. a5 bxa5 39. Rxa5+ Kb6 40.
Ra8 Re7 41. Rf8 c4 42. Rc8 Rc7 43. Rxc7 Kxc7 44. Ke2 Kd6 45. g4 fxg4 46. hxg4
Ke6 47. Kf3 Ke5 48. Kg3 Ke4 49. Kg2 Kd3 50. g5 Kd2 0-1

[Event "Titled Tue 20th May Late"]
[Site "chess.com INT"]
[Date "2025.05.20"]
[Round "5"]
[White "Baskakov, Egor"]
[Black "Drozdowski, Kacper"]
[Result "0-1"]
[WhiteTitle "CM"]
[BlackTitle "IM"]
[WhiteElo "2215"]
[BlackElo "2450"]
[WhiteFideId "24197866"]
[BlackFideId "1136720"]
[EventDate "2025.05.20"]

1. e4 Nf6 2. Nc3 d6 3. g3 c5 4. Bg2 Nc6 5. Nge2 g6 6. d4 cxd4 7. Nxd4 Bd7 8. h3
Bg7 9. Nde2 O-O 10. O-O Rc8 11. a4 Nb4 12. Be3 Qa5 13. Qd2 Nc6 14. Qd1 Rfd8 15.
Nd5 Nxd5 16. exd5 Ne5 17. b3 Bf5 18. Nd4 Qc3 19. Ra2 a6 20. Nxf5 gxf5 21. a5 Ng6
22. Bb6 Re8 23. Re1 f4 24. g4 Ne5 25. Re4 Ng6 26. Qf3 Be5 27. g5 Qxf3 28. Bxf3
Rc3 29. Bg4 e6 30. dxe6 fxe6 31. Rc4 Rxc4 32. bxc4 Kf7 33. c5 dxc5 34. Bxc5 Rc8
35. Bb6 Rc3 36. Rb2 Rc4 37. Rb1 Rxc2 38. Bf3 Nh4 39. Bxb7 Ra2 40. Bxa6 Nf3+ 41.
Kg2 Nxg5 42. Kf1 f3 43. Bc4 Ra4 44. Bb5 Ra3 45. a6 Ne4 46. Rd1 Nc3 47. Rd7+ Kf6
48. Bd3 Ra1+ 49. Bb1 Rxb1+ 0-1